Quy hoạch đất rừng truyền thống /

保存先:
書誌詳細
団体著者: Chuyên trang văn nghệ dân tộc.
フォーマット: 論文
言語:Vietnamese
主題:
タグ: タグ追加
タグなし, このレコードへの初めてのタグを付けませんか!
Thư viện lưu trữ: Thư viện Trường Đại học Đà Lạt
LEADER 00885nam a2200301 4500
001 DLU100105176
005 ##20100324
040 # # |a DLU  |b vie 
041 # # |a vie 
044 # # |a vn 
245 # # |a Quy hoạch đất rừng truyền thống /  |c Chuyên trang văn nghệ dân tộc. 
653 # # |a Bảo vệ rừng 
653 # # |a Cây thuốc 
653 # # |a Luật đất đai 
653 # # |a Luật tục 
653 # # |a Quyền sở hữu 
653 # # |a Tài nguyên thiên nhiên 
710 # # |a Chuyên trang văn nghệ dân tộc. 
773 # # |t Văn nghệ dân tộc  |g Số10(158), 2008, tr. 6-14 
920 # # |a Phòng Tạp chí -- Trung tâm Thông tin - Thư viện Trường Đại học Đà Lạt 
994 # # |a DLU 
900 # # |a True 
911 # # |a Nguyễn Thị Linh Chi 
925 # # |a G 
926 # # |a A 
927 # # |a BB 
980 # # |a Thư viện Trường Đại học Đà Lạt